01899 a2200193 45000010006000000050017000060080041000230030015000640400040000790800086001192450077002050200018002822640033003003000019003335051209003520410008015611000026015698560110015954113720260407155705.0260407a2006 arg spa dAR-UNSa-BCEJYS aAR-UNSa-BCEJYSbspacAR-UNSa-BCEJYS a351.71xBienes públicos. Obras públicas. Impuestos (Contratación pública)10aEl régimen de contrataciones de la administración pública nacional a950-894-552-4 1aBuenos Aires :bAD-HOCc2006 a236 p.c23 cm. a1. Regularidad normativa y efectos jurídicos del dec. 1023/01 - 2. Consecuencias jurídicas de las modificaciones impuestas al régimen de contrataciones por los decretos de necesidad y urgencia dictados a posteriori. Diferencias con los decretos delegados. Responsabilidad del estado - 3. La reglamentación transitoria al dec. 1023/01 - 4. Los contratos de la administración nacional - 5. Las innovaciones en materia procesal contractual - 6. Las cláusulas exorbitantes en los vínculos contractuales de la Administración federal - 7. La responsabilidad precontractual, contractual del Estado federal argentino, la de sus funcionarios y consesionarios de servicios públicos - 8. Definición del concepto "emergencia" desde distintos planos del conocimiento. Doctrina y jurisprudencia - 9. Los presupuestos jurídicos y fácticos que posibilitan la admisión regular del estado de emergencia y sus límites - 10. Acerca de los efectos jurídicos de la emergencia y su control judicial - 11. La emergencia en los contratos de la administración - 12. Síntesis cronológica de normas dictadas por la emergencia antes y después de la instauración del nuevo régimen contractual aspa1 aElgassi, Alberto Á.41uhttps://biblioeco.unsa.edu.ar/pmb/images/libros/El_reg_contrat_Elgassi.jpgyImagen de portadaqimage/jpeg